000
00401nam a22001697a 4500
003
MPLRDC
005
20220104144234.0
008
210129b ||||| |||| 00| 0 eng d
082
_a
857.62 SCMS
100
_a
山村美纱
245
_a
魂断花道
_c
260
_a
_b
林白出版社
_c
300
_b
平
490
_a
推理小说系列. 9
650
_a
推理小说
942
_c
BK
_o
857.62 SCMS
999
_c
47719
_d
47709